Score 0/13 Timer 02:00
0 Plays Today
Headquarters country Answer % Correct
USAAmerican Airlines
98.5%
UKBritish Airways
95.9%
ChinaCathay Pacific
82.9%
AustraliaQantas
82.7%
JapanJapan Airlines (JAL)
81.6%
QatarQatar Airways
81.2%
SpainIberia
77.5%
FinlandFinnair
72.1%
MalaysiaMalaysia Airlines
69.3%
Chile / BrazilLATAM
69.3%
RussiaS7 Airlines
61.5%
JordanRoyal Jordanian
60.4%
Sri LankaSriLankan Airlines
53.7%
Remove Ads.
Support Sporcle.
Get the best of Sporcle when you Go Orange. This ad-free experience offers more features, more stats, and more fun while also helping to support Sporcle. Thank you for becoming a member.

You're not logged in!

Compare scores with friends on all Sporcle quizzes.
OR
Log In

Show Comments

Extras

Top Quizzes Today


Score Distribution

Your Account Isn't Verified!

In order to create a playlist on Sporcle, you need to verify the email address you used during registration. Go to your Sporcle Settings to finish the process.

Report this User

Report this user for behavior that violates our Community Guidelines.

Details: